000 01068nac a22002891i 4500
003 EG-ScBUE
005 20241217091628.0
008 241217s1996 nyua f b 001 0 eng d
020 _a0824796209 (alk. paper)
040 _aEG-ScBUE
_beng
_erda
_cEG-ScBUE
_dEG-ScBUE
082 0 4 _a519.7002467
_bMAT
_222
245 0 0 _aMathematical programming for industrial engineers /
_cedited by Mordecai Avriel, Boaz Golany.
264 1 _aNew York :
_bMarcel Dekker,
_c1996.
300 _axiv, 637 pages :
_billustrations ;
_c24 cm.
336 _2rdacontent
_atext
_btxt
337 _aunmediated
_2rdamedia
_bn
338 _avolume
_bnc
_2rdacarrier
490 0 _aIndustrial engineering ;
_v20
504 _aIncludes bibliographical references and index.
650 7 _aProgramming (Mathematics)
_2BUEsh
650 7 _aIndustrial engineering
_xMathematics.
_2BUEsh
655 _vReading book
700 1 _aAvriel, M.,
_eauthor.
700 1 _aGolany, B.,
_eauthor.
856 4 2 _3Publisher description
_uhttp://www.loc.gov/catdir/enhancements/fy0647/96005923-d.html
942 _cNB
_2ddc
999 _c3805
_d3805